000 00965na a2200325 4500
001 12735
003 MIRAKIL
005 20181213154910.0
008 160923b tu 000 0
020 _a9789751955456 (c. 7)
020 _a9789751955449 (c. 6)
020 _a9789751955432 (c. 5)
020 _a9789751955425 (c. 4)
020 _a9789751955418 (c. 3)
020 _a9789751955470 (c. 2)
020 _a9789751955395 (tk.)
020 _a9789751955463 (c. 1)
035 _a12735
040 _aMilas
_btur
_cTR-AnCHP
082 _a297.124
_bH22 2013
090 _a297.124 H22 2013
245 _aHadislerle İslam 1
_bHadislerle hadislerin yorumu
_cEditörler Mehmet Emin Özafşar ... [ve öte.]
246 _aHadislerle İslam
260 _aAnkara
_bDiyanet İşleri Başkanlığı
_c2013
300 _a7 c.
_c27 sm.
650 _aİslam dini
_xHadis
650 _aİslam
_xHadis
700 _aÖzafşar, Mehmet Emin
942 _2ddc
_cBKS
999 _c2821
_d2821